| 000 | nam a22 7a 4500 | ||
|---|---|---|---|
| 999 |
_c29189 _d29189 |
||
| 003 | OSt | ||
| 008 | 171120b xxu||||| |||| 00| 0 eng d | ||
| 020 | _a8177542869 | ||
| 050 |
_aS 494.5 _b.P75B53 2006 |
||
| 100 | _aBlank Fred C. | ||
| 245 |
_aEssential aspects of agricultural crop production / _cFred C. Blank |
||
| 260 |
_aJodhpur : _bAgrobios (India), _c2006. |
||
| 300 |
_a329 p. : _bill., _c23 cm |
||
| 504 | _aInclude Bibliographic references | ||
| 650 | _aCrops and soils. | ||
| 650 | _aAgricultural productivity. | ||
| 942 |
_2lcc _hS 494.5 .P75B53 2006 _cBOOKS _01 |
||